01109nam a2200253 a 4500001000900000005001700009008004100026020001500067040001300082050002400095100003200119245007100151260005800222300002300280440003200303500016100335500006700496546003600563600005300599650004800652650004900700650004600749651006000795BRCA_74320190320203130.0020628s2002 mx-a---###---#010-0#spa-d a9706830561 aDLCcDLC 4aNK844b.U86 9c20021 aRodríguez, José Antonio10aRuth D. Lechugabuna memoria mexicanacJosé Antonio Rodríguez. aMéxicobMuseo Franz Mayer : Artes de Méxicoc2002 a83 p.bil.c23 cm. 0aColección Uso y estilov9 aCatálogo de la exposición ´Ruth Lechuga. Peregrina del arte popular´ realizada en el Museo Franz Mayer (Ciudad de México), 18 abril - 23 junio, 2002 a2 ejemplares en Biblioteca y 1 en el Área de Investigación aTexto en : español e inglés14aLechuga, Ruth D.d1920-2004xColecciones de arte14aIndígenas de MéxicoxRitos y ceremonias14aIndígenas de MéxicovTrabajos Ilustrados14aFestivalesvTrabajos IlustradoszMéxico 4aMéxicovTrabajos IlustradosxVida social y costumbres